| 000 | 00353nam a2200133Ia 4500 | ||
|---|---|---|---|
| 008 | 240624s9999 xx 000 0 und d | ||
| 041 | _aeng | ||
| 082 | _a658.4013 BRA | ||
| 100 | _aBRAMHAM JOHN | ||
| 245 | _aBENCHMARKING FOR PEOPLE MANAGERS | ||
| 260 |
_c2007 _aMumbai _bJaico Publishing House |
||
| 300 | _axiii, : 225 : p. : cm. ; 23 | ||
| 365 |
_cRS _b30 |
||
| 999 |
_c8213 _d8213 |
||